Periodic Table Symbols Spelling - Statistics

General Stats
  • This quiz has been taken 22 times
  • The average score is 10 of 12
Answer Stats
Hint Answer % Correct
Carbon + Hydrogen + Iodine + Sodium China
95%
Copper + Barium Cuba
95%
Carbon + Yttrium + Praseodymium + Uranium + Sulfur Cyprus
89%
Iodine + Cerium + Lanthanum + Neodymium Iceland
89%
Phosphorus + Erbium + Uranium Peru
89%
Fluorine + Indium + Lanthanum + Neodymium Finland
84%
Iodine + Rhenium + Lanthanum + Neodymium Ireland
84%
Beryllium + Lanthanum + Ruthenium + Sulfur Belarus
79%
Silicon + Nitrogen + Gallium + Phosphorus + Oxygen + Rhenium Singapore
79%
Barium + Hydrogen + Radium + Indium Bahrain
74%
Bromine + Uranium + Neon + Iodine Brunei
74%
Gallium + Boron + Oxygen + Nitrogen Gabon
74%
No matching quizzes found
Score Distribution
Percent of People with Each Score
Percentile by Number Answered
Your Score History
You have not taken this quiz